Elige la actitud positiva
Збережено в:
| Автор: | |
|---|---|
| Формат: | Книга |
| Мова: | Іспанська |
| Опубліковано: |
Santiago
Galdoc
1997
|
| Редагування: | 2a. ed |
| Серія: | Colección Desarrollo Humano Integral
|
| Предмети: | |
| Теги: |
Додати тег
Немає тегів, Будьте першим, хто поставить тег для цього запису!
|
MARC
| LEADER | 00000nam a2200000 a 4500 | ||
|---|---|---|---|
| 001 | UCJ9682 | ||
| 003 | CL-VaPUC | ||
| 008 | 070330e19970000CL |||||||||||||||||spa|d | ||
| 020 | |a 9562760227 | ||
| 082 | 0 | 4 | |a 158.1 |b AGU |2 21 |
| 100 | 0 | |a Aguilar Kubli, Eduardo |e author |9 519692 | |
| 245 | 1 | 0 | |a Elige la actitud positiva |
| 250 | |a 2a. ed | ||
| 300 | |a 111 p | ||
| 942 | |c BK | ||
| 945 | |d 20070330 00:00:00 |a cmena | ||
| 260 | |a Santiago |b Galdoc |c 1997 | ||
| 650 | 0 | |a Autoestima |9 308492 | |
| 650 | 0 | |a Desarrollo Personal |9 390751 | |
| 650 | 0 | |a Actitud positiva |9 476645 | |
| 650 | 7 | |a OPTIMISTA |2 CL-VaPUC |9 519693 | |
| 650 | 0 | |a Psicología educacional |9 307830 | |
| 583 | |a last modification |c 20070330 00:00:00 |k Rodrigo Vera | ||
| 490 | 0 | |a Colección Desarrollo Humano Integral | |
| 999 | |c 325101 |d 325099 | ||
| 952 | |0 0 |1 0 |4 0 |6 158_100000000000000_AGU_1997 |7 0 |8 A |9 405684 |a BIBEDU |b BIBEDU |d 2019-11-22 |i 4328086 |o 158.1 AGU 1997 |p 4328086 |r 2019-11-22 |w 2019-11-22 |y BK |k EBA | ||